Sports Quiz

Random Sports or Tennis Quiz

#1 Ranked Tennis Players Quiz Stats

 Plays Quiz Updated Jun 24, 2019

Score 0/53 Timer 08:00
5 Plays Today
Weeks at #1 Player % Correct
ATP (Mens)Roger Federer
96.7%
ATP (Mens)Pete Sampras
90.5%
WTA (Womens)Venus Williams
88.7%
ATP (Mens)Novak Djokovic
86.7%
ATP (Mens)Andre Agassi
84%
ATP (Mens)Andy Murray
83.3%
ATP (Mens)John McEnroe
79.8%
WTA (Womens)Monica Seles
79.6%
ATP (Mens)Rafael Nadal
79.3%
WTA (Womens)Steffi Graf
72.8%
WTA (Womens)Maria Sharapova
68.7%
WTA (Womens)Martina Navratilova
67.4%
ATP (Mens)Jimmy Connors
67.2%
ATP (Mens)Andy Roddick
64%
WTA (Womens)Serena Williams
63.7%
ATP (Mens)Boris Becker
60.5%
ATP (Mens)Ivan Lendl
59.6%
WTA (Womens)Martina Hingis
57.9%
ATP (Mens)Lleyton Hewitt
57.3%
WTA (Womens)Justine Henin
54.4%
WTA (Womens)Simona Halep
52.5%
WTA (Womens)Chris Evert
51.2%
ATP (Mens)Marat Safin
49.1%
WTA (Womens)Naomi Osaka
47%
WTA (Womens)Lindsay Davenport
46.7%
ATP (Mens)Stefan Edberg
44.6%
WTA (Womens)Kim Clijsters
42.5%
Weeks at #1 Player % Correct
WTA (Womens)Angelique Kerber
41.9%
ATP (Mens)Jim Courier
40.9%
ATP (Mens)Bjorn Borg
38.4%
ATP (Mens)Patrick Rafter
37.9%
WTA (Womens)Ana Ivanovic
37.1%
WTA (Womens)Victoria Azarenka
36.9%
WTA (Womens)Ashleigh Barty
35.7%
ATP (Mens)Mats Wilander
35.1%
WTA (Womens)Jennifer Capriati
33.7%
WTA (Womens)Garbine Muguruza
32.5%
WTA (Womens)Dinara Safina
32%
WTA (Womens)Amelie Mauresmo
31.3%
WTA (Womens)Jelena Jankovic
30.8%
ATP (Mens)Gustavo Kuerten
30.3%
WTA (Womens)Karolína Plíšková
27.8%
ATP (Mens)Juan Carlos Ferrero
26.9%
ATP (Mens)Carlos Moya
26.3%
WTA (Womens)Arantxa Sanchez Vicario
26.1%
ATP (Mens)Ilie Năstase
25.7%
WTA (Womens)Caroline Wozniacki
23.3%
ATP (Mens)Marcelo Rios
22.6%
ATP (Mens)Yevgeny Kafelnikov
22.3%
ATP (Mens)John Newcombe
20%
WTA (Womens)Tracy Austin
19.7%
WTA (Womens)Evonne Goolagong Cawley
19.3%
ATP (Mens)Thomas Muster
18.7%

You're not logged in!

Compare scores with friends on all Sporcle quizzes.
OR
Log In

Sporcle TV

Today on Sporcle TV


Watch our educational content, quiz creation guides, and fun videos on Sporcle TV.

Show Comments

Extras

Top Quizzes Today


Score Distribution

Your Account Isn't Verified!

In order to create a playlist on Sporcle, you need to verify the email address you used during registration. Go to your Sporcle Settings to finish the process.

Report this User

Report this user for behavior that violates our Community Guidelines.

Details: